Quizzes
Events
Quiz Creation
Community
Videos
Private Events
Remove Ads
Sign In
Join for FREE
Feedback
Dark Mode
Quiz Categories
Sports
Geography
Music
Movies
Television
Just For Fun
Miscellaneous
History
Literature
Language
Science
Gaming
Entertainment
Religion
Holiday
For Kids
Quiz Lab
Recent
Popular Today
Quiz Kudos Today
Editor Picks
Curator Picks
Quizzes by...
Day
Popularity
Type
Ratings
Length
Year
Community
Subscriptions
Recent Discussions
Orange Saloon
Badges
Playlists
Quests
Create
Leaderboards
Showdown
Live 5
Trivia Bingo
Activity
Puzzle Library
Sporcle Events
Private Events
Virtual Trivia
Globe League
Become a Host
Pub Owners
SporcleCon
Opinionation
Our Games
Videos
Blog
Mobile Apps
Partnerships
Remove Ads and Go Orange
Feedback
Music
Pop Music
The Beatles
Song
Album
Lyrics
Bands
Singers
Artist
Clip
Rock
Rap
Classical
Billboard
Country Music
Kpop
Taylor Swift
Music
Pop Music
The Beatles
Song
Album
Lyrics
Bands
Singers
Artist
Clip
Rock
Rap
Classical
Billboard
Country Music
Kpop
Taylor Swift
Random Quiz
Search Sporcle
×
Quiz Lab
Quiz Lab
Music
The Band
Type in answers that appear in a list
Type in answers that appear in a list
Classic
Best Score? Go Orange.
Guess The Band Member Using Only Their Twitter Bio Stats
Can You Guess The Band Member Using Only Their Twitter Bio?
By
rocksound
6m
20 Questions
289 Plays
289 Plays
289 Plays
Comments
Comments
Give Quiz Kudos
Give Quiz Kudos
-
- Ratings
hide this ad
Replay
Link that replays current quiz
Next Quiz
Link to next quiz in quiz playlist
You Got
0%
They Got
Avg Score
24%
Avg Friend Score
Upgrade to see
Score Distribution
Jump to the score distribution portion of the page
Score
0/20
Timer
06:00
0
Plays Today
Hint
Answer
% Correct
FUTURE REALITY TV HOST IF THINGS GO POORLY.
Awsten Knight
70.2%
Entertainer. 35% talent. 65% water.
Brendon Urie
48.1%
i don’t eat alcohol or drink animals.
Patty Walters
43.6%
Roller-
coasting through most things.
Alex Gaskarth
41.5%
NJ ColdCore™ /
NJ CoatCore™ unkillable.
Frank Iero
37.4%
I was never cut out for the boy scouts when I was younger, so I joined the man scouts when I was 7
Josh Dun
37.4%
Ancient oracle. Haunted phone.
Gerard Way
31.8%
former member of the official nsync fan club
Hayley Williams
30.4%
diss•SCAN•ee•oh
Derek DiScanio
29.8%
It's my life, I just wanna live it.
Kellin Quinn
27.3%
Hint
Answer
% Correct
I AM GOING TO EAT EVERYTHING.
Geoff Wigington
19.4%
ill be hot when I’m 40
Chrissy Costanza
15.6%
recovering problem child
Oli Sykes
13.8%
I'm high but Im grounded
Jenna McDougall
9.3%
I sing, write music, and play video games. You can do anything, you just gotta do it.
Jeremy McKinnon
6.2%
Maker of noises, teller of stories.
Danny Worsnop
6.2%
Save Your Breath-
I’m Not Listening...
Corey Taylor
5.2%
do music and stuff, but mostly just waiting for aliens to come...
Fil Thorpe-Evans
3.1%
An individual with the occasional unrealistic idea.
John O'Callaghan
2.8%
I say bad words with the best intentions
Caleb Shomo
2.1%
Quiz Playlist
Details
Report
Send in Message
Add To Playlist
Classic:
Type in answers that appear in a list
Last Updated: Feb 14, 2018
Quiz Scoreboard
CHALLENGE
Sign Up to Join the Scoreboard
Show All
Scores
Hide
Comments
May contain spoilers
Recently Published
Popular People in 1961
by mucciniale
History
6m
1-10 Letter E Words III
by El_Dandy
Language
2m
One Thing in Common: World Cities II
by knightlancer
Geography
7m
More to Explore
Quiz From the Vault
Featured Blog Post
Where Did the Easter Bunny Come From?
hide this ad
You Might Also Like...
Tags
The Band
Twitter
Today's Top Quizzes in Music
Browse Music
hide this ad
Top Contributed Quizzes in Music
1
Taylor Swift All Songs (2024)
2
2010s Album by Cover III
3
Taylor Swift Logic Puzzle
4
One Thing in Common: Music
5
Guess the Artist- 70s Songs
6
Guess the Taylor Swift song (Mystery Song)
7
2010s Album by Cover V
8
2010s Album by Cover IV
9
Lana Del Rey Discography (BTD to DYKTTATUOB)
10
KPOP LOGIC QUIZ
Explore More
Trending Topics
Disney
NBA
Crossword
Kpop
Harry Potter
Anime
Marvel
Song
NFL
The Office
Soccer
Country
WWE
Pokémon
Puzzle
hide this ad
More By:
rocksound
Quiz
Plays
Rating
Category
Featured
Created
Complete The All Time Low Lyrics
4,003
Music
Sep 12, 2017
Can You Complete The Panic! At The Disco Lyrics?
3,194
4.50
Music
Jan 10, 2018
How Many All Time Low Songs Can You Name?
2,960
Music
Feb 9, 2018
Can You Name The MCR Song From Just One Lyric?
2,700
5.00
Music
Jan 23, 2018
Can you complete the Pierce The Veil lyrics?
2,673
5.00
Music
Sep 25, 2017
Go to Creator's Profile
Score Distribution
Quiz Creator Spotlight
rocksound
Follow
Send a Message
Quizzes Created
-
Created Quiz Play Count
-
More By This Creator
Popular Quizzes Today
1
Find the US States - No Outlines Minefield
2
The Countries of the World
3
Find the Countries of Europe - No Outlines Minefield
4
Popular People in 1961
5
1-10 Letter E Words III
6
Find the US States
7
One Thing in Common: World Cities II
8
US States
More Music Quizzes
Songs of the Night
Quiz Lab
Trending Quizzes
Risky Map Clicking: Least Populous States A-Z
1-10 Letter F Words
1-10 Letter G Words
One Thing in Common: United Kingdom
Risky Map Clicking: Next State Alphabetically
Recently Updated
Leaping Animals
pecheneg
Reality TV Shows (A-Z)
bhenderson79
Rickey Henderson's Hall of Fame Teammates
pecheneg
Champions League XIs: Arsenal
pecheneg
Quick Pick: Celebrities in WWE's Hall of Fame
aduchscher
A-Z Keypad Blitz II
pecheneg
Multiple Oscar Actors
pecheneg
Mystery Phrase Blitz: Oscar 'Best Actors'
pecheneg
F. Scott Fitzgerald Novels
LTH
Pick 3 Villains
ddd62291
Trending Topics
Harry Potter
Marvel
NBA
Kpop
Anime
Disney
Crossword
Song
Soccer
NFL
Pokémon
WWE
Country
Puzzle
The Office
Your Account Isn't Verified!
In order to create a playlist on Sporcle, you need to verify the email address you used during registration. Go to your
Sporcle Settings
to finish the process.
Report this User
Report this user for behavior that violates our
Community Guidelines
.
Details:
Send Report
Go to the Sporcle.com Mobile Site →
Comments